| 000 | 00625nam a2200241Ia 4500 | ||
|---|---|---|---|
| 008 | 160803s9999 xx 000 0 und d | ||
| 020 | _a978-0439424721 | ||
| 100 | _aGriffiths, Andy | ||
| 245 | _aJust joking! / | ||
| 245 | _cAndy Griffiths ; with illustrations by Terry Denton. | ||
| 260 | _aNew York : | ||
| 260 | _bScholastic Inc. | ||
| 260 | _c1997 | ||
| 300 | _a137 pages : | ||
| 300 | _billustrations ; | ||
| 300 | _c20 cm | ||
| 650 | _aFiction. | ||
| 650 | _aHumorous stories. | ||
| 650 | _aPractical jokes -- | ||
| 650 | _xJuvenile literature. | ||
| 650 | _xPractical jokes -- | ||
| 700 | _a580 | ||
| 999 |
_c298548 _d298548 |
||